000 01872nam a22002411 4500
001 125513
003 ES-MaACL
005 20250927101137.0
007 t|
008 070614m19271939fr ||||0| fre d
080 _a913(100)
245 0 0 _aGéographie universelle /
_cpubliée sous la direction de P. Vidal de la Blache et L[ucien] Gallois.
260 _aParis ;
_a[Coulommiers :
_bArmand Colin,
_c1927-1939.
300 _a16 v. :
_bil., mapas ;
_c28 cm.
500 _aFaltan los v. 11-13.
505 8 _aContiene: I. Les Iles Britaniques / A. Demangeon, 1927 - II. Belgique ; Pays Bas ; Luxembourg / A. Demangeon, 1927 - III. Etats scandinaves ; Regions polaires boreales / Maurice Zimmermann, 1933 - IV. Europe centrale / Emm. de Martonne, 2 v., 1ère. partie: Generalités . Allemagne, 1930 ; 2ème. partie: Suisse-Autriche-Hongrie-Tchecoslovaquie-Pologne-Romanie, 1931 - V. Etats de la Battique ; Russie / P. Camena d'Almeida - VI. La France ; France physique / Emm. de Martonne, 1942 - VII. Mediterránee ; Peninsules mediterránes, 1e. partie: Generalitès / Max Lorre; Jules Sion . Espagne-Portugal / Max Lorre, 1934 ; 2e. partie: Italie / Jules Sion . Pays Balkaniques / Y. Chataigneau; Jules Sion, 1934 - VIII. Asie occidentale / R. Blanchard . Haute Asie / Fernand Grenard, 1929 - IX. Asie des Moussons / J. Sion, 2 v. ; 1ere. partie: Généralites-Chine-Japon, 1928 ; 2e. partie: Inde-Indochine-Insuhide, 1929 - X. Océanie / Paul Privat Deschauel . Regions polaires australes / Maurice Zimmermann, 1930 - XIV. Mexique-Amerique centrale / Max Lorre, 1928 - XV. Amerique du sud / P. Denis, 2 v., 1927
650 7 _aGeografía
_2embne
_913070
700 1 _aVidal de La Blache, Paul.
_9114479
700 1 _aGallois, Lucien.
_953643
700 1 _aCamena d'Almeida, Pierre,
_d1865-1943
_934052
852 _aES-MaACL
_jC-29307-22
999 _c125513
_d125513